Návrh vybraných modulov informačného systému pre spoločnosť zaoberajúcu sa ochranou objektov a majetku : Diplomová práca

Salvato in:
Dettagli Bibliografici
Autore principale: Mihalička, Peter (Autore)
Altri autori: Čapuška, Stanislav (xxx)
Natura: Manoscritto Libro
Lingua:slovacco
Pubblicazione: Trnava : STU v Bratislave MtF KAIA, 2006
Soggetti:
Tags: Aggiungi Tag
Nessun Tag, puoi essere il primo ad aggiungerne!!

MARC

LEADER 00000ntm a22000003a 4500
001 stu124062
005 20160719155500.3
008 060725s2006----xo------------------slo-d
040 |a STU  |b slo 
041 0 |a slo 
044 |a xo 
100 1 |a Mihalička, Peter  |4 aut 
245 1 |a Návrh vybraných modulov informačného systému pre spoločnosť zaoberajúcu sa ochranou objektov a majetku :  |b Diplomová práca 
260 |a Trnava :  |b STU v Bratislave MtF KAIA,  |c 2006 
300 |a 88 s  |c príl (1 CD) 
650 7 |a aplikovaná informatika a automatizácia v priemysle  |2 stusub 
650 7 |a informačný systém  |2 stusub 
700 1 |a Čapuška, Stanislav  |4 xxx 
996 |b 284M073757  |c M*DP-6343  |l MMSKP  |s P  |a 0  |w stu124062_0001